Loading...
| History - Other | 0 | 5 | 1 | 0 | 45 | 33 | 75.80 | 2 | 5 | 0.00 | 0.00 |
| History - European | 0 | 4 | 0 | 1 | 40 | 45 | 80.75 | 3 | 4 | 0.00 | 0.00 |
| Science - Other | 0 | 4 | 1 | 0 | 35 | 67 | 87.00 | 3 | 4 | 0.00 | 0.00 |
| Mythology | 0 | 3 | 0 | 0 | 30 | 95 | 105.00 | 3 | 3 | 0.00 | 0.00 |
| Pop Culture | 0 | 2 | 0 | 0 | 20 | 67 | 93.00 | 1 | 2 | 0.00 | 0.00 |
| History - World | 0 | 3 | 2 | 1 | 20 | 116 | 129.33 | 3 | 3 | 0.00 | 0.00 |
| Science - Physics | 0 | 2 | 0 | 1 | 20 | 48 | 86.50 | 2 | 2 | 0.00 | 0.00 |
| Literature - World | 0 | 1 | 0 | 0 | 10 | 132 | 132.00 | 0 | 1 | 0.00 | 0.00 |
| Literature - British | 0 | 1 | 0 | 0 | 10 | 70 | 70.00 | 1 | 1 | 0.00 | 0.00 |
| Other Academic | 0 | 1 | 0 | 0 | 10 | 93 | 93.00 | 1 | 1 | 0.00 | 0.00 |
| Science - Biology | 0 | 1 | 0 | 0 | 10 | 79 | 79.00 | 1 | 1 | 0.00 | 0.00 |
| Religion | 0 | 1 | 1 | 1 | 5 | 127 | 127.00 | 0 | 1 | 0.00 | 0.00 |
| Fine Arts - Other | 0 | 1 | 1 | 0 | 5 | 88 | 88.00 | 1 | 1 | 0.00 | 0.00 |
| History - American | 0 | 1 | 1 | 0 | 5 | 77 | 77.00 | 0 | 1 | 0.00 | 0.00 |
| Fine Arts - Classical Music | 0 | 1 | 1 | 1 | 5 | 125 | 125.00 | 1 | 1 | 0.00 | 0.00 |